Normal view
MARC view
- تاليف التل، أحمد يوسف؛ تدقيق زهدي محمد عيسى عيد
Entry Personal Name
001 - CONTROL NUMBER
- control field: 50373
003 - CONTROL NUMBER IDENTIFIER
- control field: JO-AjAnu
005 - DATE AND TIME OF LATEST TRANSACTION
- control field: 20230606082308.0
008 - FIXED-LENGTH DATA ELEMENTS
- fixed length control field: 230606|| aca||aabn | a|a d
040 ## - CATALOGING SOURCE
- Original cataloging agency: JO-AjAnu
- Transcribing agency: JO-AjAnu
100 ## - HEADING--PERSONAL NAME
- Personal name: تاليف التل، أحمد يوسف؛ تدقيق زهدي محمد عيسى عيد
670 ## - SOURCE DATA FOUND
- Source citation: Work cat.: (JO-AjAnu)25754: تاليف التل، أحمد يوسف؛ تدقيق زهدي محمد عيسى عيد, author, ظاهرة الصراع في الفكر العربي